[Event "SRB-chT3 South"]
[Site "Serbia"]
[Date "2017.10.12"]
[Round "6.3"]
[White "Terzic, Miomir"]
[Black "Vulicevic, Bratimir"]
[Result "1/2-1/2"]
[WhiteElo "2199"]
[BlackElo "2131"]
[PlyCount "37"]
[EventDate "2017.09.03"]
[EventType "team-tourn"]
[EventRounds "11"]
[EventCountry "SRB"]
[SourceTitle "EXT 2022"]
[Source "ChessBase"]
[SourceDate "2021.10.06"]
[SourceVersion "1"]
[SourceVersionDate "2021.10.06"]
[SourceQuality "1"]

1. d4 d5 2. Bg5 c6 3. c4 Nd7 4. e3 Qb6 5. Qb3 e6 6. Nd2 Ngf6 7. Be2 Be7 8. f4 0-0 9. Ngf3 Re8 10. Ne5 Qd8 11. 0-0 Nf8 12. Rae1 N6d7 13. Bxe7 Rxe7 14. Bd3 c5 15. Qd1 Qc7 16. Nxd7 Bxd7 17. Qh5 Be8 18. Qd1 Qb6 19. Qb1 1/2-1/2